Loading...
| Fine Arts - Auditory Fine Arts | 3 | 13.33 | 100% | 33% | 0% |
| Fine Arts - Other Fine Arts | 5 | 16.00 | 100% | 40% | 20% |
| Fine Arts - Visual Fine Arts | 3 | 10.00 | 100% | 0% | 0% |
| Geography | 2 | 15.00 | 50% | 100% | 0% |
| History - American History | 2 | 10.00 | 100% | 0% | 0% |
| History - European History | 3 | 16.67 | 100% | 67% | 0% |
| History - Other History | 5 | 18.00 | 100% | 40% | 40% |
| History - World History | 4 | 12.50 | 100% | 25% | 0% |
| Literature - American Literature | 2 | 15.00 | 100% | 50% | 0% |
| Literature - British Literature | 4 | 12.50 | 100% | 25% | 0% |
| Literature - European Literature | 4 | 15.00 | 100% | 50% | 0% |
| Literature - World Literature | 2 | 10.00 | 100% | 0% | 0% |
| Mythology | 3 | 13.33 | 100% | 33% | 0% |
| Philosophy | 3 | 10.00 | 67% | 0% | 33% |
| Pop Culture | 1 | 30.00 | 100% | 100% | 100% |
| Religion | 3 | 13.33 | 100% | 33% | 0% |
| Science - Biology | 5 | 10.00 | 100% | 0% | 0% |
| Science - Chemistry | 2 | 5.00 | 50% | 0% | 0% |
| Science - Other Science | 4 | 7.50 | 75% | 0% | 0% |
| Science - Physics | 2 | 10.00 | 100% | 0% | 0% |
| Social Science | 2 | 15.00 | 100% | 50% | 0% |